Herman Wouk's the winds of war (Record no. 85228)
[ view plain ]
| 000 -LEADER | |
|---|---|
| fixed length control field | 04831cgm a2200889Ia 4500 |
| 001 - CONTROL NUMBER | |
| control field | ocm54540309 |
| 003 - CONTROL NUMBER IDENTIFIER | |
| control field | OCoLC |
| 005 - DATE AND TIME OF LATEST TRANSACTION | |
| control field | 20251120121606.0 |
| 007 - PHYSICAL DESCRIPTION FIXED FIELD--GENERAL INFORMATION | |
| fixed length control field | vd cvaizm |
| 008 - FIXED-LENGTH DATA ELEMENTS--GENERAL INFORMATION | |
| fixed length control field | 040305s2004 cau879 g vleng |
| 020 ## - INTERNATIONAL STANDARD BOOK NUMBER | |
| International Standard Book Number | 0792196988 |
| 020 ## - INTERNATIONAL STANDARD BOOK NUMBER | |
| International Standard Book Number | 9780792196983 |
| 024 1# - OTHER STANDARD IDENTIFIER | |
| Standard number or code | 097368013049 |
| 028 42 - PUBLISHER NUMBER | |
| Publisher number | 80130 |
| Source | Paramount |
| 029 1# - (OCLC) | |
| OCLC library identifier | NLGGC |
| System control number | 30696449X |
| 035 ## - SYSTEM CONTROL NUMBER | |
| System control number | (OCoLC)54540309 |
| Canceled/invalid control number | (OCoLC)588698163 |
| 037 ## - SOURCE OF ACQUISITION | |
| Source of stock number/acquisition | Midwest Tapes |
| Note | http://www.midwesttapes.com |
| 040 ## - CATALOGING SOURCE | |
| Original cataloging agency | TEFMT |
| Language of cataloging | eng |
| Transcribing agency | TEFMT |
| Modifying agency | TEF |
| -- | OCLCQ |
| -- | RCS |
| -- | OEL |
| -- | OCL |
| -- | IBS |
| -- | RCS |
| -- | BTCTA |
| -- | OCLCA |
| -- | OCLCQ |
| -- | OCLCA |
| -- | OCLCQ |
| -- | AD# |
| -- | OCLCQ |
| -- | UINTA |
| Description conventions | rda |
| 041 0# - LANGUAGE CODE | |
| Language code of text/sound track or separate title | eng |
| 043 ## - GEOGRAPHIC AREA CODE | |
| Geographic area code | n-us--- |
| -- | e------ |
| 049 ## - LOCAL HOLDINGS (OCLC) | |
| Holding library | UCLB |
| 050 #4 - LIBRARY OF CONGRESS CALL NUMBER | |
| Classification number | PN1997 .W763 |
| Item number | C978 2004 |
| 082 04 - DEWEY DECIMAL CLASSIFICATION NUMBER | |
| Classification number | 791.43/72 |
| Edition number | 22 |
| 092 ## - LOCALLY ASSIGNED DEWEY CALL NUMBER (OCLC) | |
| Classification number | 791.457 |
| 245 00 - TITLE STATEMENT | |
| Title | Herman Wouk's the winds of war |
| Medium | [videorecording] / |
| 246 30 - VARYING FORM OF TITLE | |
| Title proper/short title | Winds of war |
| 250 ## - EDITION STATEMENT | |
| Edition statement | Special collector's ed. |
| 260 ## - PUBLICATION, DISTRIBUTION, ETC. (IMPRINT) | |
| Place of publication, distribution, etc | Hollywood, Calif. : |
| Name of publisher, distributor, etc | Paramount, |
| Date of publication, distribution, etc | [2004] |
| 264 ## - Production, Publication, Distribution, Manufacture, and Copyright Notice. | |
| Place of production, publication, distribution, manufacture | Hollywood, Calif. : |
| Name of producer, publisher, distributor, manufacturer | Paramount, [presented by] Paramount Pictures ; teleplay by Herman Wouk from his novel ; produced and directed by Dan Curtis ; ... in association with Paramount Television. |
| Date of production, publication, distribution, manufacture, or copyr | 204 |
| 300 ## - PHYSICAL DESCRIPTION | |
| Extent | 6 videodiscs (879 min.) : |
| Other physical details | sd., col. ; |
| Dimensions | 4 3/4 in. |
| 500 ## - GENERAL NOTE | |
| General note | Originally broadcast as a television mini series in 1983. |
| 500 ## - GENERAL NOTE | |
| General note | Based on the novel by Herman Wouk. |
| 500 ## - GENERAL NOTE | |
| General note | Region 1, full screen (1.33:1) presentation; Dolby Digital mono. |
| 500 ## - GENERAL NOTE | |
| General note | Special features include: Making The winds of war (featurette); a novel for television featurette; cast and characters; on location featurette. |
| 505 0# - FORMATTED CONTENTS NOTE | |
| Formatted contents note | [disc 1]. The winds rise [Berlin, Germany] -- [disc 2]. The storm breaks [Warsaw, Poland] -- [disc 3 & 4]. Cataclysm ; Defiance [London, England] -- [disc 5 & Special features]. Of love and war [Moscow, Russia] ; Special features -- [disc 6]. The changing of the guard [Rome, Italy] -- [disc 7]. Into the maelstrom [Oahu, Hawaii]. |
| 508 ## - CREATION/PRODUCTION CREDITS NOTE | |
| Creation/production credits note | Directors of photography, Charles Correll ; art directors, John Cartwright, Mike Minor ; film editors, Bernard Gribble ... et al. ; music composed and conducted by Bob Cobert ; production designer, Jackson De Govia. |
| 511 1# - PARTICIPANT OR PERFORMER NOTE | |
| Participant or performer note | Robert Mitchum, Ali MacGraw, Jan-Michael Vincent, John Houseman, Polly Bergen, Lisa Eilbacher, David Dukes, Topol, Ben Murphy, Peter Graves, Jeremy Kemp, Ralph Bellamy, Victoria Tennant. |
| 520 ## - SUMMARY, ETC. | |
| Summary, etc | Tells an epic story of military strategy, politics, romance, and family conflict set against the backdrop of world events from 1938 through the Japanese attack on Pearl Harbor in 1941. Follows naval officer Victor "Pug" Henry as he is sent to Berlin as the U.S. Naval attaché. Shows how "Pug" and his family are drawn into the center of the conflicts that lead to America's involvement in World War II as Germany expands and proceeds to seize several border countries, Italy attempts to establish a Fascist colonial empire under Mussolini, and Japan prepares for a major battle with China. |
| 521 8# - TARGET AUDIENCE NOTE | |
| Target audience note | MPAA rating: Not rated. |
| 538 ## - SYSTEM DETAILS NOTE | |
| System details note | DVD. |
| 546 ## - LANGUAGE NOTE | |
| Language note | Closed-captioned. In English with optional English subtitles. |
| 650 #0 - SUBJECT ADDED ENTRY--TOPICAL TERM | |
| Topical term or geographic name as entry element | World War, 1939-1945 |
| Form subdivision | Drama. |
| 9 (RLIN) | 5675021 |
| 650 #0 - SUBJECT ADDED ENTRY--TOPICAL TERM | |
| Topical term or geographic name as entry element | Families |
| Geographic subdivision | United States |
| Form subdivision | Drama. |
| 9 (RLIN) | 5673650 |
| 650 #4 - SUBJECT ADDED ENTRY--TOPICAL TERM | |
| Topical term or geographic name as entry element | Henry family (Fictitious characters) |
| Form subdivision | Drama. |
| 9 (RLIN) | 5685123 |
| 655 #7 - INDEX TERM--GENRE/FORM | |
| Genre/form data or focus term | War television programs. |
| Source of term | gsafd |
| 9 (RLIN) | 102774 |
| 655 #7 - INDEX TERM--GENRE/FORM | |
| Genre/form data or focus term | Historical television programs. |
| Source of term | gsafd |
| 9 (RLIN) | 6236939 |
| 655 #7 - INDEX TERM--GENRE/FORM | |
| Genre/form data or focus term | War television programs. |
| Source of term | lcgft |
| 9 (RLIN) | 102774 |
| 655 #7 - INDEX TERM--GENRE/FORM | |
| Genre/form data or focus term | Historical television programs. |
| Source of term | lcgft |
| 9 (RLIN) | 6236939 |
| 655 #7 - INDEX TERM--GENRE/FORM | |
| Genre/form data or focus term | Television mini-series. |
| Source of term | lcgft |
| 9 (RLIN) | 6236940 |
| 655 #7 - INDEX TERM--GENRE/FORM | |
| Genre/form data or focus term | Television adaptations. |
| Source of term | lcgft |
| 9 (RLIN) | 5685124 |
| 655 #7 - INDEX TERM--GENRE/FORM | |
| Genre/form data or focus term | Feature films. |
| Source of term | lcgft |
| 9 (RLIN) | 6236941 |
| 655 #7 - INDEX TERM--GENRE/FORM | |
| Genre/form data or focus term | Video recordings for the hearing impaired. |
| Source of term | lcgft |
| 9 (RLIN) | 6236942 |
| 700 1# - ADDED ENTRY--PERSONAL NAME | |
| Personal name | Wouk, Herman, |
| Dates associated with a name | 1915- |
| 9 (RLIN) | 6936 |
| 700 1# - ADDED ENTRY--PERSONAL NAME | |
| Personal name | Curtis, Dan, |
| Dates associated with a name | 1927-2006. |
| 9 (RLIN) | 5685126 |
| 700 1# - ADDED ENTRY--PERSONAL NAME | |
| Personal name | Mitchum, Robert. |
| 9 (RLIN) | 18413 |
| 700 1# - ADDED ENTRY--PERSONAL NAME | |
| Personal name | MacGraw, Ali. |
| 9 (RLIN) | 35175 |
| 700 1# - ADDED ENTRY--PERSONAL NAME | |
| Personal name | Vincent, Jan-Michael, |
| Dates associated with a name | 1944- |
| 9 (RLIN) | 62008 |
| 700 1# - ADDED ENTRY--PERSONAL NAME | |
| Personal name | Houseman, John. |
| 9 (RLIN) | 8602 |
| 700 1# - ADDED ENTRY--PERSONAL NAME | |
| Personal name | Bergen, Polly, |
| Dates associated with a name | 1930- |
| 9 (RLIN) | 39034 |
| 700 1# - ADDED ENTRY--PERSONAL NAME | |
| Personal name | Eilbacher, Lisa. |
| 9 (RLIN) | 64863 |
| 700 1# - ADDED ENTRY--PERSONAL NAME | |
| Personal name | Dukes, David, |
| Dates associated with a name | 1945-2000. |
| 9 (RLIN) | 5685127 |
| 700 1# - ADDED ENTRY--PERSONAL NAME | |
| Personal name | Topol, |
| Dates associated with a name | 1935- |
| 9 (RLIN) | 16975 |
| 700 1# - ADDED ENTRY--PERSONAL NAME | |
| Personal name | Murphy, Ben, |
| Dates associated with a name | 1942- |
| 9 (RLIN) | 56732 |
| 700 1# - ADDED ENTRY--PERSONAL NAME | |
| Personal name | Graves, Peter, |
| Dates associated with a name | 1926-2010. |
| 9 (RLIN) | 5685128 |
| 700 1# - ADDED ENTRY--PERSONAL NAME | |
| Personal name | Kemp, Jeremy, |
| Dates associated with a name | 1934- |
| 9 (RLIN) | 59589 |
| 700 1# - ADDED ENTRY--PERSONAL NAME | |
| Personal name | Bellamy, Ralph, |
| Dates associated with a name | 1904-1991. |
| 9 (RLIN) | 6907 |
| 700 1# - ADDED ENTRY--PERSONAL NAME | |
| Personal name | Tennant, Victoria, |
| Dates associated with a name | 1950- |
| 9 (RLIN) | 66173 |
| 700 1# - ADDED ENTRY--PERSONAL NAME | |
| Personal name | Correll, Charles. |
| 9 (RLIN) | 67458 |
| 700 1# - ADDED ENTRY--PERSONAL NAME | |
| Personal name | Cartwright, John V. |
| 9 (RLIN) | 5685129 |
| 700 1# - ADDED ENTRY--PERSONAL NAME | |
| Personal name | Minor, Mike. |
| 9 (RLIN) | 5685130 |
| 700 1# - ADDED ENTRY--PERSONAL NAME | |
| Personal name | Gribble, Bernard. |
| 9 (RLIN) | 5685131 |
| 700 1# - ADDED ENTRY--PERSONAL NAME | |
| Personal name | De Govia, Jackson, |
| Dates associated with a name | 1941- |
| 9 (RLIN) | 5685132 |
| 700 1# - ADDED ENTRY--PERSONAL NAME | |
| Personal name | Cobert, Bob. |
| 9 (RLIN) | 34879 |
| 710 2# - ADDED ENTRY--CORPORATE NAME | |
| Corporate name or jurisdiction name as entry element | Paramount Pictures Corporation. |
| 9 (RLIN) | 7712 |
| 710 2# - ADDED ENTRY--CORPORATE NAME | |
| Corporate name or jurisdiction name as entry element | Paramount Television. |
| 9 (RLIN) | 11156 |
| 942 ## - ADDED ENTRY ELEMENTS (KOHA) | |
| Koha item type | DVD |
| Source of classification or shelving scheme | Dewey Decimal Classification |
| Withdrawn status | Lost status | Source of classification or shelving scheme | Materials specified (bound volume or other part) | Damaged status | Not for loan | Collection code | Home library | Current library | Shelving location | Date acquired | Source of acquisition | Cost, normal purchase price | Total Checkouts | Total Renewals | Full call number | Barcode | Date last seen | Date checked out | Cost, replacement price | Price effective from | Koha item type | Public note |
|---|---|---|---|---|---|---|---|---|---|---|---|---|---|---|---|---|---|---|---|---|---|---|
| Dewey Decimal Classification | .CIRCNOTE. 6 discs | Television Series | Wasatch County Library | Wasatch County Library | Audio Visual Area | 07/20/2012 | Amazon | 27.95 | 60 | 15 | TV Series Winds of War | 34301001112574 | 12/15/2025 | 12/10/2025 | 27.95 | 03/20/2020 | DVD Series | .PUBLIC. 6 discs |
